Kriminologiai [!kriminológiai] adalékok

Elmentve itt :
Bibliográfiai részletek
Szerző: Hacker Ervin
Dokumentumtípus: Cikk
Megjelent: 1928
Sorozat:Kolligátum
Kulcsszavak:Kriminológia
Online Access:http://misc.bibl.u-szeged.hu/23124
LEADER 00526nab a2200169 i 4500
001 misc23124
005 20191111110507.0
008 170801s1928 hu o 0|| zxx d
040 |a SZTE Miscellanea Repozitórium  |b hun 
041 |a zxx 
100 1 |a Hacker Ervin 
245 1 0 |a Kriminologiai [!kriminológiai] adalékok  |h [elektronikus dokumentum] /  |c  Hacker Ervin 
260 |c 1928 
300 |a 1-15 
490 0 |a Kolligátum 
695 |a Kriminológia 
856 4 0 |u http://misc.bibl.u-szeged.hu/23124/1/72050_001-015.pdf  |z Dokumentum-elérés